书目信息 |
| 题名: |
围城
|
|
| 作者: | 钱钟书 著 | |
| 分册: | ||
| 出版信息: | 北京 人民文学出版社 1980.11 |
|
| 页数: | 359页 | |
| 开本: | 19cm | |
| 丛书名: | ||
| 单 册: | ||
| 中图分类: | I246.5 | |
| 科图分类: | ||
| 主题词: | 小说--中国 | |
| 电子资源: | ||
| ISBN: | ||
| 000 | 00463nam0 2200181 45 | |
| 001 | 0312221749 | |
| 005 | 20060803152429.21 | |
| 010 | @dCNY0.78 | |
| 100 | @a20031222d1980 km y0chiy0120 ea | |
| 101 | @achi | |
| 200 | 1 | @a围城@AWei Cheng@f钱钟书著@FQian Zhong Shu Zhu |
| 210 | @a北京@c人民文学出版社@d1980.11 | |
| 215 | @a359页@d19cm | |
| 606 | 0 | @a小说@x中国 |
| 690 | @aI246.5@v3 | |
| 701 | 0 | @a钱钟书@4著 |
| 801 | @aCN@bTSTCL@c20060803 | |
| 905 | @a213230@dI246.5@e24 | |
| 围城/钱钟书著.-北京:人民文学出版社,1980.11 |
| 359页;19cm |
| ISBN :CNY0.78 |
| ● |
| 相关链接 |
|
|
|
|
正题名:围城
索取号:I246.5/24
 
预约/预借
| 序号 | 登录号 | 条形码 | 馆藏地/架位号 | 状态 | 备注 |
| 1 | 0034076 | 001759350 | 密集书库/ [索取号:I246.5/24] | 在馆 | |
| 2 | 0034077 | 001759396 | 密集书库/ [索取号:I246.5/24] | 在馆 | |
| 3 | 0034079 | 001780246 | 密集书库/ [索取号:I246.5/24] | 在馆 | |
| 4 | 0034080 | 202252702 | 修补库/ [索取号:I246.5/24] | 在馆 | |
| 5 | 0034084 | 001780497 | 密集书库/ [索取号:I246.5/24] | 在馆 | |
| 6 | 0245558 | 000176375 | 修补库/ [索取号:I246.5/24] | 在馆 | |
| 7 | 0245561 | 000064968 | 第二借阅区/ [索取号:I246.5/24] | 在馆 | |
| 8 | 0245563 | 000061809 | 第二借阅区/ [索取号:I246.5/24] | 在馆 | |
| 9 | 0275822 | 000176348 | 第二借阅区/ [索取号:I246.5/24] | 在馆 | |
| 10 | 0304512 | 203045123 | 第二借阅区/ [索取号:I246.5/24] | 在馆 | |
| 11 | 0304513 | 203045132 | 第二借阅区/ [索取号:I246.5/24] | 在馆 | |
| 12 | 0304514 | 203045141 | 第二借阅区/ [索取号:I246.5/24] | 在馆 | |
| 13 | 0304516 | 203045169 | 第二借阅区/ [索取号:I246.5/24] | 在馆 | |
| 14 | 0304518 | 203045187 | 第二借阅区/ [索取号:I246.5/24] | 在馆 | |
| 15 | 0304519 | 203045196 | 第二借阅区/ [索取号:I246.5/24] |
已借出,限还日期为2025.12.15 借出人:宋靓姿 |
|
| 16 | 0304521 | 203045212 | 第二借阅区/ [索取号:I246.5/24] | 在馆 | |
| 17 | 0304522 | 203045221 | 第二借阅区/ [索取号:I246.5/24] | 在馆 | |
| 18 | 0304523 | 203045230 | 第二借阅区/ [索取号:I246.5/24] |
已借出,限还日期为2026.05.25 借出人:叶卿卿 |
|
| 19 | 0449238 | 204492389 | 密集书库/ [索取号:I246.5/24] | 在馆 |